[Event "Barcelona Sant Marti op-A 23rd"]
[Site "Barcelona"]
[Date "2023.07.14"]
[Round "2"]
[White "Campillo Lopez, Ricardo Bienavent"]
[Black "Dominguez Laguna, Eduard"]
[Result "0-1"]
[WhiteElo "1642"]
[BlackElo "1925"]
[PlyCount "130"]
[EventDate "2023.07.13"]
[EventType "swiss"]
[EventRounds "9"]
[EventCountry "ESP"]
[SourceTitle "CBM 215 Extra"]
[Source "ChessBase"]
[SourceDate "2023.09.30"]
[SourceVersion "1"]
[SourceVersionDate "2023.09.30"]
[SourceQuality "1"]

1. e4 c6 2. Nf3 d5 3. Nc3 dxe4 4. Nxe4 Nf6 5. Qe2 Nxe4 6. Qxe4 Qa5 7. b4 Qf5 8. Bd3 Qxe4+ 9. Bxe4 Nd7 10. d4 a5 11. Bd2 axb4 12. Bxb4 g6 13. 0-0 Bg7 14. h3 0-0 15. a4 Re8 16. Rfe1 Nf6 17. Bd3 Nd5 18. Bd2 Be6 19. a5 h6 20. Reb1 Ra7 21. Rb2 b5 22. Ne5 Rc8 23. c3 Kh7 24. Re1 Bxe5 25. Rxe5 Rxa5 26. Kh2 Ra3 27. Rc2 Nb6 28. Re3 Rc7 29. Re1 Na4 30. Re3 Nb6 31. Re1 Rca7 32. Be4 Bd5 33. Bxd5 Nxd5 34. c4 Nb6 35. cxb5 cxb5 36. Bb4 Rd3 37. Bc5 Rb7 38. Bxb6 Rxb6 39. Rxe7 Kg7 40. Rcc7 Rf6 41. Rb7 Rxd4 42. f3 b4 43. Re8 g5 44. Re4 Rf4 45. Re3 h5 46. g3 Rd2+ 47. Kg1 Rc4 48. Re1 Rb2 49. Rbe7 Rbc2 50. R7e2 b3 51. Kf2 b2 52. Rb1 Rxe2+ 53. Kxe2 Rc2+ 54. Ke3 Kf6 55. g4 h4 56. Ke4 Rh2 57. f4 Kg6 58. fxg5 Kxg5 59. Ke5 Re2+ 60. Kd4 Kf4 61. Kc3 Kg3 62. Rxb2 Rxb2 63. Kxb2 Kxh3 64. g5 Kg4 65. Kc2 h3 0-1

[Event "Catalunya-chT Gp2 Final"]
[Site "Barcelona"]
[Date "2023.03.18"]
[Round "2.8"]
[White "Dominguez Laguna, Eduard"]
[Black "Casas Douton, Domingo"]
[Result "1/2-1/2"]
[WhiteElo "1961"]
[BlackElo "2118"]
[PlyCount "70"]
[EventDate "2023.03.11"]
[EventType "team-k.o."]
[EventRounds "4"]
[EventCountry "ESP"]
[SourceTitle "EXT 2024"]
[Source "ChessBase"]
[SourceDate "2023.10.10"]
[SourceVersion "1"]
[SourceVersionDate "2023.10.10"]
[SourceQuality "1"]
[WhiteTeam "Badalona Cor de Marina"]
[BlackTeam "Sant Andreu"]
[WhiteTeamCountry "ESP"]
[BlackTeamCountry "ESP"]

1. d4 d5 2. c4 c6 3. cxd5 cxd5 4. Bf4 Nc6 5. e3 e6 6. Nc3 Bd6 7. Bxd6 Qxd6 8. f4 Bd7 9. Nf3 Nf6 10. Bd3 a6 11. 0-0 Ne7 12. Ne5 Nf5 13. Qf3 h5 14. Rfe1 Kf8 15. Rac1 Rd8 16. g3 Be8 17. h3 Qb6 18. Rc2 Nd6 19. g4 hxg4 20. hxg4 g6 21. Ree2 Ke7 22. g5 Nfe4 23. Nxe4 dxe4 24. Bxe4 Bb5 25. Red2 Rc8 26. Bd3 Rxc2 27. Rxc2 Qa5 28. Bxb5 axb5 29. Qd1 b4 30. Qc1 Qd5 31. Rh2 Rc8 32. Rc2 Rh8 33. Rh2 Rc8 34. Rc2 Rh8 35. Rh2 Rc8 1/2-1/2

[Event "Catalunya-chT Gp1"]
[Site "Barcelona"]
[Date "2023.02.18"]
[Round "5.8"]
[White "Chalmeta Ugas, Jordi Ramon"]
[Black "Dominguez Laguna, Eduard"]
[Result "1-0"]
[WhiteElo "2158"]
[BlackElo "1959"]
[PlyCount "111"]
[EventDate "2023.01.21"]
[EventType "team-tourn"]
[EventRounds "7"]
[EventCountry "ESP"]
[SourceTitle "CBM 213 Extra"]
[Source "ChessBase"]
[SourceDate "2023.05.31"]
[SourceVersion "1"]
[SourceVersionDate "2023.05.31"]
[SourceQuality "1"]
[WhiteTeam "Foment Martinenc"]
[BlackTeam "Badalona Cor de Marina"]
[WhiteTeamCountry "ESP"]
[BlackTeamCountry "ESP"]

1. d4 d5 2. c4 c6 3. Nf3 Nf6 4. Nc3 a6 5. c5 Bf5 6. Bf4 Nbd7 7. e3 Nh5 8. Be5 f6 9. Nh4 fxe5 10. Nxf5 g6 11. Be2 Ng7 12. Ng3 e6 13. b4 Nf5 14. Bg4 Qf6 15. Bxf5 exf5 16. 0-0 Bg7 17. Nge2 0-0 18. a4 g5 19. Rb1 e4 20. b5 axb5 21. axb5 f4 22. bxc6 bxc6 23. Rb7 Rf7 24. Qd2 Bh6 25. exf4 gxf4 26. f3 e3 27. Qb2 Bg7 28. Rd1 h5 29. Rc7 Rb8 30. Qa2 Nf8 31. Qa7 Rxc7 32. Qxc7 Rb2 33. Qxf4 Qe6 34. Qg5 Nd7 35. Qxh5 Nxc5 36. dxc5 d4 37. Nxd4 Qc4 38. Qe8+ Kh7 39. Qxe3 Qxc5 40. Ne4 Qb4 41. Ne6 Qa4 42. N4g5+ Kg6 43. Qe4+ Qxe4 44. fxe4 Bh6 45. Nf3 Be3+ 46. Kh1 c5 47. Ne5+ Kf6 48. Nxc5 Bxc5 49. Nd7+ Kg5 50. Nxc5 Rc2 51. Nd3 Re2 52. e5 Re3 53. Kg1 Kf5 54. Kf2 Re4 55. Kf3 Ra4 56. e6 1-0

[Event "Catalunya-chT Gp1"]
[Site "Barcelona"]
[Date "2023.01.21"]
[Round "?"]
[White "Minguez Rodriguez, Raul"]
[Black "Dominguez Laguna, Eduard"]
[Result "1/2-1/2"]
[WhiteElo "2196"]
[BlackElo "1959"]
[PlyCount "49"]
[EventDate "2023.01.21"]
[EventType "team-tourn"]
[EventRounds "7"]
[EventCountry "ESP"]
[SourceTitle "CBM 212 Extra"]
[Source "ChessBase"]
[SourceDate "2023.03.31"]
[SourceVersion "1"]
[SourceVersionDate "2023.03.31"]
[SourceQuality "1"]
[WhiteTeam "Ateneu Colon"]
[BlackTeam "Badalona Cor de Marina"]
[WhiteTeamCountry "ESP"]
[BlackTeamCountry "ESP"]

1. e4 c6 2. d4 d5 3. Nc3 dxe4 4. Nxe4 Nf6 5. Nxf6+ exf6 6. c3 Bd6 7. Bd3 0-0 8. Qc2 Re8+ 9. Ne2 h5 10. 0-0 h4 11. h3 Nd7 12. Be3 Nf8 13. Rad1 Be6 14. Rfe1 Qc7 15. c4 Rad8 16. Nc3 Qc8 17. f4 f5 18. d5 cxd5 19. cxd5 Bd7 20. Bxa7 Rxe1+ 21. Rxe1 Bxf4 22. Bb6 Re8 23. Rxe8 Qxe8 24. Qe2 Qb8 25. Bd4 1/2-1/2

[Event "Barcelona Sant Marti op-A 22nd"]
[Site "Barcelona"]
[Date "2022.07.20"]
[Round "8"]
[White "Gupta, Rajesh RS"]
[Black "Dominguez Laguna, Eduard"]
[Result "1/2-1/2"]
[WhiteElo "1652"]
[BlackElo "1957"]
[PlyCount "88"]
[EventDate "2022.07.13"]
[EventType "swiss"]
[EventRounds "9"]
[EventCountry "ESP"]
[SourceTitle "CBM 209 Extra"]
[Source "ChessBase"]
[SourceDate "2022.09.30"]
[SourceVersion "1"]
[SourceVersionDate "2022.09.30"]
[SourceQuality "1"]

1. e4 c6 2. d4 d5 3. exd5 cxd5 4. Bd3 Nf6 5. Bf4 Bg4 6. Nf3 e6 7. Nbd2 Bd6 8. Bxd6 Qxd6 9. c3 Nc6 10. Qb3 Rb8 11. 0-0 0-0 12. Rfe1 Bxf3 13. Nxf3 Nd7 14. Qc2 h6 15. Rad1 b5 16. a3 Rfc8 17. Qe2 a6 18. Ne5 Nf6 19. f4 Na5 20. g4 Nd7 21. g5 Nxe5 22. fxe5 Qe7 23. gxh6 Qg5+ 24. Kh1 Qxh6 25. Rg1 Kf8 26. Rdf1 Ke7 27. Qg4 Rg8 28. Rg3 Rh8 29. Rf2 Rbg8 30. Qf3 Rf8 31. Qe2 Nc4 32. Bxc4 bxc4 33. Qc2 Rb8 34. Rgf3 Rhf8 35. Qa4 Qc1+ 36. Kg2 Rxb2 37. Qxa6 Qg5+ 38. Kh1 Rxf2 39. Qd6+ Ke8 40. Qc6+ Ke7 41. Qc7+ Ke8 42. Qb8+ Qd8 43. Qb5+ Qd7 44. Qb8+ Qd8 1/2-1/2

[Event "Catalunya-chT Gp1"]
[Site "Barcelona"]
[Date "2022.02.19"]
[Round "5.9"]
[White "Dominguez Laguna, Eduard"]
[Black "Travesset Ribera, Joaquin"]
[Result "1-0"]
[WhiteElo "1897"]
[BlackElo "2138"]
[PlyCount "67"]
[EventDate "2022.01.22"]
[EventType "team-tourn"]
[EventRounds "9"]
[EventCountry "ESP"]
[SourceTitle "CBM 208 Extra"]
[Source "ChessBase"]
[SourceDate "2022.07.31"]
[SourceVersion "1"]
[SourceVersionDate "2022.07.31"]
[SourceQuality "1"]
[WhiteTeam "Badalona Cor de Marina"]
[BlackTeam "Mollet"]
[WhiteTeamCountry "ESP"]
[BlackTeamCountry "ESP"]

1. d4 d5 2. c4 c6 3. cxd5 cxd5 4. Bf4 Nc6 5. e3 a6 6. Nc3 Nf6 7. Bd3 e6 8. Rc1 Bd6 9. Bxd6 Qxd6 10. f4 Bd7 11. Nf3 b5 12. 0-0 Ng4 13. Qe2 f5 14. Ne5 Ncxe5 15. fxe5 Qb6 16. Bxf5 exf5 17. Nxd5 Qh6 18. h3 0-0 19. hxg4 fxg4 20. Rxf8+ Rxf8 21. Qe1 Qg5 22. Qg3 Be6 23. Nf4 Bxa2 24. e6 Bc4 25. d5 Bxd5 26. Rc5 Qe5 27. Rxd5 Qxb2 28. Kh2 Qc3 29. e7 Re8 30. Rd8 Kf7 31. Rxe8 Kxe8 32. Nd5 Qc8 33. Qf4 g3+ 34. Kxg3 1-0

[Event "Catalunya-chT Gp1"]
[Site "Barcelona"]
[Date "2022.02.05"]
[Round "3.10"]
[White "Dominguez Laguna, Eduard"]
[Black "Alcala Gonzalez, Cesar"]
[Result "0-1"]
[WhiteElo "1897"]
[BlackElo "2198"]
[PlyCount "106"]
[EventDate "2022.01.22"]
[EventType "team-tourn"]
[EventRounds "9"]
[EventCountry "ESP"]
[SourceTitle "CBM 206 Extra"]
[Source "ChessBase"]
[SourceDate "2022.03.31"]
[SourceVersion "1"]
[SourceVersionDate "2022.03.31"]
[SourceQuality "1"]
[WhiteTeam "Badalona Cor de Marina"]
[BlackTeam "Barcelona Escacs CC"]
[WhiteTeamCountry "ESP"]
[BlackTeamCountry "ESP"]

1. d4 d5 2. c4 c6 3. cxd5 cxd5 4. Bf4 Nf6 5. e3 Nc6 6. Nc3 Bf5 7. Qb3 Na5 8. Bb5+ Bd7 9. Qa4 e6 10. Nf3 a6 11. Bxd7+ Nxd7 12. 0-0 Be7 13. Qd1 0-0 14. Rc1 Rc8 15. Qe2 b5 16. Rc2 Qb6 17. Rfc1 Qb7 18. Qd3 Nc6 19. Qe2 Nb6 20. Nb1 Nc4 21. b3 Na3 22. Nxa3 Bxa3 23. Rd1 f6 24. g4 Nb4 25. Rcd2 Rc6 26. Qf1 Rfc8 27. g5 Qd7 28. Kh1 Rc1 29. Rxc1 Rxc1 30. Rd1 Nxa2 31. gxf6 gxf6 32. Rxc1 Nxc1 33. Bh6 Qf7 34. Nd2 Qg6 35. Qh3 Kf7 36. Bf4 Bb4 37. Nf3 Nxb3 38. Bg3 Nd2 39. Nxd2 Bxd2 40. Bf4 b4 41. Qf1 a5 42. Qb5 Qg8 43. Qxa5 Qc8 44. Qa7+ Kg6 45. Qb6 h5 46. Kg2 Kf5 47. Qb5 Qc4 48. Qe8 Qe2 49. Qf7 Qg4+ 50. Kf1 Ke4 51. Qxf6 b3 52. Qe5+ Kf3 53. Qg5 Qxg5 0-1

[Event "ESP-ch U18"]
[Site "Salobrena"]
[Date "2021.07.28"]
[Round "5"]
[White "Dominguez Laguna, Eduard"]
[Black "Guillermo Gonzalez, Alvaro"]
[Result "1/2-1/2"]
[WhiteElo "1877"]
[BlackElo "2118"]
[PlyCount "159"]
[EventDate "2021.07.26"]
[EventType "swiss"]
[EventRounds "9"]
[EventCountry "ESP"]
[SourceTitle "CBM 203 Extra"]
[Source "ChessBase"]
[SourceDate "2021.09.30"]
[SourceVersion "1"]
[SourceVersionDate "2021.09.30"]
[SourceQuality "1"]

1. d4 Nf6 2. c4 g6 3. Nc3 Bg7 4. e4 d6 5. Nf3 0-0 6. Be2 e5 7. d5 a5 8. Bg5 h6 9. Be3 Ng4 10. Bd2 f5 11. h3 Nf6 12. exf5 gxf5 13. Qc1 f4 14. g3 e4 15. Nh4 f3 16. Bd1 Na6 17. Bxh6 Nb4 18. Qg5 Rf7 19. Kf1 Qe7 20. g4 Nh7 21. Qxe7 Rxe7 22. Bxg7 Kxg7 23. Nb5 Kf6 24. Nd4 a4 25. Nhf5 Bxf5 26. Nxf5 Ree8 27. a3 Nd3 28. Rb1 Ng5 29. Bc2 Nc5 30. h4 Nf7 31. Ne3 Rh8 32. Rd1 Rag8 33. Ke1 Ke5 34. Kd2 Nh6 35. Rdg1 Kf4 36. g5 Nf5 37. Nxf5 Kxf5 38. Ke3 c6 39. Rd1 Ke5 40. Rd4 Rxg5 41. dxc6 bxc6 42. Rhd1 Rg6 43. Bxe4 Re6 44. Bxc6 Rb8 45. Kxf3 Rb3+ 46. Kg4 Rxb2 47. f4+ Kf6 48. Rxd6 Rf2 49. Rxe6+ Nxe6 50. Bf3 Rc2 51. Bd5 Ng7 52. Rd3 Rc1 53. h5 Nf5 54. Rh3 Nh6+ 55. Kf3 Rc3+ 56. Kg2 Rc2+ 57. Kf1 Kf5 58. Rf3 Ng4 59. Ke1 Nf6 60. h6 Nxd5 61. cxd5 Rh2 62. h7 Rxh7 63. Ke2 Ke4 64. d6 Rd7 65. Rd3 Kxf4 66. Kd2 Ke5 67. Kc3 Rxd6 68. Rxd6 Kxd6 69. Kb4 Kc7 70. Kxa4 Kb7 71. Kb5 Ka7 72. a4 Kb7 73. a5 Ka7 74. a6 Ka8 75. Kb6 Kb8 76. Kc6 Ka7 77. Kb5 Ka8 78. Kb6 Kb8 79. a7+ Ka8 80. Ka6 1/2-1/2

[Event "Llinars del Valles op 1st"]
[Site "Llinars del Valles"]
[Date "2021.06.30"]
[Round "6"]
[White "Sanchez Aguilar, Arnau"]
[Black "Dominguez Laguna, Eduard"]
[Result "1-0"]
[WhiteElo "1806"]
[BlackElo "1877"]
[PlyCount "81"]
[EventDate "2021.06.25"]
[EventType "swiss"]
[EventRounds "9"]
[EventCountry "ESP"]
[SourceTitle "CBM 203 Extra"]
[Source "ChessBase"]
[SourceDate "2021.09.30"]
[SourceVersion "1"]
[SourceVersionDate "2021.09.30"]
[SourceQuality "1"]

1. Nf3 d5 2. b3 Bg4 3. Bb2 Nd7 4. c4 e6 5. e3 Ngf6 6. Be2 c6 7. 0-0 Bd6 8. d4 0-0 9. Nbd2 Qe7 10. Ne5 Bxe2 11. Qxe2 Bb4 12. Ndf3 Ba5 13. Nxd7 Nxd7 14. e4 dxe4 15. Qxe4 Nf6 16. Qh4 Rad8 17. Rad1 Rfe8 18. Rd3 Bc7 19. Re1 Nd7 20. Qh3 e5 21. Rde3 f6 22. Nh4 Qf7 23. Nf5 Kh8 24. f4 a5 25. Kf1 Qf8 26. dxe5 fxe5 27. fxe5 Re6 28. Kg1 Rc8 29. Rf1 Qg8 30. Nd4 Bb6 31. Qg3 Rxe5 32. Rxe5 Nxe5 33. Kh1 Bc7 34. Nf5 Qf7 35. Qe3 Qh5 36. Qf4 Qg6 37. Nh4 Qd6 38. Bxe5 Qe7 39. Bxc7 g5 40. Qd4+ Kg8 41. Nf5 1-0

[Event "Llinars del Valles op 1st"]
[Site "Llinars del Valles"]
[Date "2021.06.29"]
[Round "5"]
[White "Dominguez Laguna, Eduard"]
[Black "Garcia Gallardo, Victor"]
[Result "1/2-1/2"]
[WhiteElo "1877"]
[BlackElo "1827"]
[PlyCount "62"]
[EventDate "2021.06.25"]
[EventType "swiss"]
[EventRounds "9"]
[EventCountry "ESP"]
[SourceTitle "CBM 203 Extra"]
[Source "ChessBase"]
[SourceDate "2021.09.30"]
[SourceVersion "1"]
[SourceVersionDate "2021.09.30"]
[SourceQuality "1"]

1. d4 Nf6 2. c4 c5 3. d5 b5 4. Qc2 e6 5. e4 bxc4 6. Bxc4 exd5 7. exd5 d6 8. Nc3 Be7 9. Nge2 0-0 10. 0-0 Ba6 11. b3 Bxc4 12. bxc4 Nbd7 13. Ng3 Ne5 14. Nce4 Nxe4 15. Nxe4 f5 16. Ng3 f4 17. Ne4 f3 18. Bb2 Bf6 19. Rfe1 Qd7 20. Nxf6+ gxf6 21. Bxe5 fxe5 22. Re4 Kh8 23. Rh4 Qg7 24. g3 Rf7 25. Rb1 Rg8 26. Kf1 Rf6 27. Qe4 Rgf8 28. Rg4 Qh6 29. Rh4 Qg7 30. Rg4 Qh6 31. Rh4 Qg7 1/2-1/2

[Event "Llinars del Valles op 1st"]
[Site "Llinars del Valles"]
[Date "2021.06.28"]
[Round "4"]
[White "Flores Munoz, Daniel"]
[Black "Dominguez Laguna, Eduard"]
[Result "0-1"]
[WhiteElo "1692"]
[BlackElo "1877"]
[PlyCount "44"]
[EventDate "2021.06.25"]
[EventType "swiss"]
[EventRounds "9"]
[EventCountry "ESP"]
[SourceTitle "CBM 203 Extra"]
[Source "ChessBase"]
[SourceDate "2021.09.30"]
[SourceVersion "1"]
[SourceVersionDate "2021.09.30"]
[SourceQuality "1"]

1. d4 Nf6 2. Nc3 d5 3. Bg5 Nbd7 4. Nf3 h6 5. Bxf6 Nxf6 6. e3 e6 7. Bd3 Bb4 8. a3 Bxc3+ 9. bxc3 c5 10. dxc5 Qa5 11. Qd2 Qxc5 12. 0-0 0-0 13. Rfb1 b6 14. Rb5 Qc7 15. Ne1 Bd7 16. Rb4 a5 17. Rb2 Rfc8 18. h3 Rab8 19. Rab1 Be8 20. Bb5 Bxb5 21. Rxb5 Ne4 22. Qd4 Nxc3 0-1

[Event "Llinars del Valles op 1st"]
[Site "Llinars del Valles"]
[Date "2021.06.27"]
[Round "3"]
[White "Dominguez Laguna, Eduard"]
[Black "Alvarado Diaz, Alejandro"]
[Result "0-1"]
[WhiteElo "1877"]
[BlackElo "2396"]
[PlyCount "78"]
[EventDate "2021.06.25"]
[EventType "swiss"]
[EventRounds "9"]
[EventCountry "ESP"]
[SourceTitle "CBM 203 Extra"]
[Source "ChessBase"]
[SourceDate "2021.09.30"]
[SourceVersion "1"]
[SourceVersionDate "2021.09.30"]
[SourceQuality "1"]

1. d4 Nf6 2. c4 e6 3. Nc3 d5 4. cxd5 exd5 5. Bg5 c6 6. e3 Be7 7. Bd3 0-0 8. Qc2 Nbd7 9. Nge2 Re8 10. 0-0 Nf8 11. f3 g6 12. Rae1 Ne6 13. Bh4 b5 14. Bf2 Bb7 15. h3 Rc8 16. e4 a6 17. e5 Nh5 18. Qd2 c5 19. f4 cxd4 20. Bxd4 b4 21. Na4 Nxd4 22. Nxd4 Ng3 23. Rf3 Ne4 24. Qe3 Bf8 25. Kh2 Bg7 26. Rd1 Qc7 27. Rff1 Qa5 28. b3 f6 29. Bxe4 dxe4 30. exf6 Bxf6 31. f5 Rcd8 32. Kh1 Qe5 33. Ne6 Rxd1 34. Rxd1 Qxf5 35. Nec5 Bc6 36. Nb6 Bg5 37. Qg1 e3 38. Nc4 Qxc5 39. Nd6 Re6 0-1

[Event "Catalunya-ch U10/20"]
[Site "Salou"]
[Date "2020.09.07"]
[Round "4"]
[White "Masague Artero, Guerau"]
[Black "Dominguez Laguna, Eduard"]
[Result "1-0"]
[WhiteElo "2320"]
[BlackElo "1949"]
[PlyCount "89"]
[EventDate "2020.09.05"]
[EventType "swiss"]
[EventRounds "8"]
[EventCountry "ESP"]
[SourceTitle "EXT 2023"]
[Source "ChessBase"]
[SourceDate "2022.10.05"]
[SourceVersion "1"]
[SourceVersionDate "2022.10.05"]
[SourceQuality "1"]

1. c4 e5 2. Nc3 Nc6 3. e3 Bb4 4. Nd5 Nf6 5. a3 Bd6 6. Nc3 0-0 7. d3 Re8 8. Nf3 b6 9. Be2 Bb7 10. 0-0 a6 11. e4 h6 12. Nd5 Bf8 13. Re1 Bc5 14. b4 Bd4 15. Rb1 b5 16. Bf1 d6 17. Nxd4 Nxd4 18. Bb2 Ne6 19. d4 c6 20. dxe5 dxe5 21. Ne3 Nd4 22. f3 Qd7 23. Bxd4 exd4 24. Nf5 Rad8 25. c5 Qe6 26. Bd3 Qe5 27. Qd2 Bc8 28. f4 Qc7 29. Nd6 Re7 30. Bc2 Qd7 31. Qd3 g6 32. Qxd4 Re6 33. Bb3 Rxd6 34. cxd6 Nh5 35. e5 Qg4 36. Rf1 Bf5 37. Rbc1 g5 38. Bd1 Qh4 39. Bxh5 Qxh5 40. fxg5 Be6 41. Rxc6 Qxg5 42. Rc3 Kf8 43. Qf4 Qh5 44. Qf6 Ke8 45. Qe7# 1-0

[Event "Catalunya-ch U10/20"]
[Site "Salou"]
[Date "2020.09.06"]
[Round "2"]
[White "Dominguez Laguna, Eduard"]
[Black "Castillo Dalmau, Albert"]
[Result "0-1"]
[WhiteElo "1949"]
[BlackElo "2204"]
[PlyCount "78"]
[EventDate "2020.09.05"]
[EventType "swiss"]
[EventRounds "8"]
[EventCountry "ESP"]
[SourceTitle "EXT 2023"]
[Source "ChessBase"]
[SourceDate "2022.10.05"]
[SourceVersion "1"]
[SourceVersionDate "2022.10.05"]
[SourceQuality "1"]

1. d4 Nf6 2. c4 e6 3. Nc3 Bb4 4. Qc2 Bxc3+ 5. Qxc3 d6 6. f3 Nc6 7. e4 e5 8. Ne2 a5 9. Be3 0-0 10. 0-0-0 Qe7 11. d5 Nb8 12. g4 c6 13. dxc6 bxc6 14. h4 c5 15. h5 Nc6 16. g5 Ne8 17. Bh3 Nd4 18. Qd3 Be6 19. Bxe6 fxe6 20. Nxd4 exd4 21. Bd2 e5 22. Rdf1 Nc7 23. Rhg1 Ne6 24. Rg4 a4 25. Qa3 Qe8 26. Rh4 Qe7 27. Rg4 Ra7 28. Rf2 Qd7 29. Rf1 Rb7 30. Rf2 Rfb8 31. Be1 Nf4 32. Rh2 Qf7 33. Rc2 Qxh5 34. Rh4 Qxg5 35. Rch2 Nd3+ 36. Kd1 Qc1+ 37. Ke2 Qe3+ 38. Kf1 Qxe1+ 39. Kg2 Rxb2+ 0-1

[Event "ESP-ch U18"]
[Site "Salobrena"]
[Date "2020.08.19"]
[Round "4"]
[White "Aledo Yanguas, David"]
[Black "Dominguez Laguna, Eduard"]
[Result "1/2-1/2"]
[WhiteElo "2060"]
[BlackElo "1938"]
[PlyCount "161"]
[EventDate "2020.08.17"]
[EventType "swiss"]
[EventRounds "9"]
[EventCountry "ESP"]
[SourceTitle "CBM 197 Extra"]
[Source "ChessBase"]
[SourceDate "2020.09.30"]
[SourceVersion "1"]
[SourceVersionDate "2020.09.30"]
[SourceQuality "1"]

1. e4 e6 2. d4 d5 3. Bd3 dxe4 4. Bxe4 Nf6 5. Bf3 c5 6. Ne2 Nc6 7. Be3 cxd4 8. Nxd4 Ne5 9. Nc3 Be7 10. 0-0 0-0 11. Qe2 Nxf3+ 12. Qxf3 Qa5 13. a3 a6 14. b4 Qc7 15. Bf4 e5 16. Bg3 Bg4 17. Nd5 Nxd5 18. Qxg4 Bf6 19. Nf5 g6 20. c4 Ne7 21. Ne3 Rfd8 22. Rfe1 Qc6 23. Rad1 Rd4 24. Qe2 Bg7 25. Ng4 Qxc4 26. Rxd4 Qxd4 27. Rd1 Qc3 28. Bxe5 Bxe5 29. Qxe5 Qxe5 30. Nxe5 Nc6 31. Nxc6 bxc6 32. g3 a5 33. Kg2 axb4 34. axb4 Rb8 35. Rd4 Kg7 36. Kf3 Kf6 37. Ke4 Ke6 38. h4 h5 39. Kd3 Rb5 40. Kc4 Ke5 41. Rd7 Ke6 42. Rc7 Rb6 43. Ra7 Rb5 44. Ra5 Rb7 45. Kc5 Kd7 46. f3 f5 47. f4 Kc7 48. Ra8 Rb5+ 49. Kc4 Rd5 50. Rf8 Rd6 51. Re8 Kd7 52. Rg8 Re6 53. Kc5 Rf6 54. Rg7+ Kd8 55. Rh7 Re6 56. Rf7 Kc8 57. Kb6 Kd8 58. Rg7 Rd6 59. Rf7 Re6 60. Kc5 Kc8 61. Rh7 Kd8 62. Rg7 Kc8 63. Kb6 Kd8 64. Kb7 Rd6 65. Rg8+ Kd7 66. Rc8 Rd4 67. Rc7+ Ke8 68. Kxc6 Rc4+ 69. Kd6 Rxb4 70. Rc6 Rb3 71. Ke6 Re3+ 72. Kf6 Rxg3 73. Rc8+ Kd7 74. Rg8 Rg4 75. Rxg6 Rxf4 76. Kg5 Rg4+ 77. Kxf5 Rxh4 78. Rh6 Rh1 79. Kg5 Ke7 80. Rxh5 Rxh5+ 81. Kxh5 1/2-1/2

[Event "Catalunya-chT Gp2"]
[Site "Barcelona"]
[Date "2019.02.23"]
[Round "6.9"]
[White "Ramirez Carrizo, Victor Jose"]
[Black "Dominguez Laguna, Eduard"]
[Result "1-0"]
[WhiteElo "2211"]
[BlackElo "1748"]
[PlyCount "87"]
[EventDate "2019.01.19"]
[EventType "team-tourn"]
[EventRounds "7"]
[EventCountry "ESP"]
[SourceTitle "CBM 189 Extra"]
[Source "ChessBase"]
[SourceDate "2019.06.03"]
[SourceVersion "1"]
[SourceVersionDate "2019.06.03"]
[SourceQuality "1"]
[WhiteTeam "Barbera"]
[BlackTeam "Sant Josep de Badalona"]
[WhiteTeamCountry "ESP"]
[BlackTeamCountry "ESP"]

1. e4 e6 2. d4 d5 3. Nc3 dxe4 4. Nxe4 Nd7 5. Nf3 Ngf6 6. Bd3 c5 7. 0-0 Nxe4 8. Bxe4 Nf6 9. Bg5 Be7 10. Bxf6 gxf6 11. c3 0-0 12. Qe2 f5 13. Bc2 b6 14. Rad1 Qc7 15. Qe3 Bb7 16. Ne5 Bf6 17. Ng4 Bg7 18. Nh6+ Kh8 19. Qh3 Qf4 20. Nxf5 exf5 21. Bxf5 h6 22. d5 Bc8 23. Bxc8 Raxc8 24. Rd3 Rcd8 25. b3 b5 26. Rfd1 Qe4 27. d6 Qe6 28. Qh5 Qe5 29. Qf3 Rd7 30. Re3 Qf6 31. Qc6 Rfd8 32. Re8+ Rxe8 33. Qxd7 Qe6 34. Qxb5 Qe1+ 35. Qf1 Qxf1+ 36. Kxf1 Bxc3 37. d7 Rd8 38. Rd5 Bd4 39. b4 Bc3 40. bxc5 Ba5 41. c6 Bc7 42. Rb5 Bb6 43. Rxb6 axb6 44. c7 1-0

[Event "Foment Martinenc op-B 19st"]
[Site "Barcelona"]
[Date "2017.06.17"]
[Round "9.1"]
[White "Dominguez Laguna, Eduard"]
[Black "Gonzalez Muelas, Marco Antonio"]
[Result "1/2-1/2"]
[WhiteElo "1741"]
[BlackElo "1661"]
[PlyCount "21"]
[EventDate "2017.04.22"]
[EventType "swiss"]
[EventRounds "9"]
[EventCountry "ESP"]
[SourceTitle "EXT 2024"]
[Source "ChessBase"]
[SourceDate "2023.10.10"]
[SourceVersion "1"]
[SourceVersionDate "2023.10.10"]
[SourceQuality "1"]

1. e4 c5 2. Nc3 d6 3. Bb5+ Nd7 4. a4 Ngf6 5. d3 a6 6. Bc4 e6 7. f4 Be7 8. Nf3 b6 9. 0-0 Bb7 10. Ba2 Rc8 11. Qe1 1/2-1/2

[Event "Foment Martinenc op-B 19st"]
[Site "Barcelona"]
[Date "2017.06.10"]
[Round "8.1"]
[White "Moya Nunez, Salvador"]
[Black "Dominguez Laguna, Eduard"]
[Result "1/2-1/2"]
[WhiteElo "1598"]
[BlackElo "1741"]
[PlyCount "114"]
[EventDate "2017.04.22"]
[EventType "swiss"]
[EventRounds "9"]
[EventCountry "ESP"]
[SourceTitle "EXT 2024"]
[Source "ChessBase"]
[SourceDate "2023.10.10"]
[SourceVersion "1"]
[SourceVersionDate "2023.10.10"]
[SourceQuality "1"]

1. e4 e5 2. Nc3 Nc6 3. g3 Bc5 4. Bg2 d6 5. Nge2 Be6 6. Na4 Qd7 7. h3 h5 8. d3 a6 9. Nxc5 dxc5 10. f4 exf4 11. Nxf4 h4 12. g4 0-0-0 13. Be3 c4 14. Qe2 cxd3 15. cxd3 Nge7 16. 0-0 Nd4 17. Bxd4 Qxd4+ 18. Qf2 Qxf2+ 19. Rxf2 Bd7 20. d4 Nc6 21. Rd1 Be8 22. d5 Ne5 23. Nd3 Nxd3 24. Rxd3 f6 25. Rc3 Kb8 26. Rfc2 Rd7 27. Kf2 Bg6 28. Rc4 Re8 29. Re2 Re5 30. Bf3 Rde7 31. b3 Ka7 32. Ke1 b5 33. Rd4 Kb6 34. Kd2 Kc5 35. Kc3 a5 36. a3 Kd6 37. Kd3 Kd7 38. a4 b4 39. Kc4 Kd6 40. Kb5 Re8 41. Rc4 Ra8 42. Rc6+ Kd7 43. Ra6 Rxa6 44. Kxa6 c6 45. Kxa5 cxd5 46. exd5 Rg5 47. Kxb4 Bf7 48. Kc4 Kd6 49. Rd2 Re5 50. b4 Re3 51. Bg2 Rg3 52. a5 Ra3 53. Rd3 Ra2 54. Be4 Be8 55. Kb3 Ra1 56. Kc3 Rc1+ 57. Kb2 Rc4 1/2-1/2

[Event "Mataro Maresme op-A 13th"]
[Site "Mataro"]
[Date "2016.12.02"]
[Round "9"]
[White "Dominguez Laguna, Eduard"]
[Black "Garcia Garcia, Candido"]
[Result "0-1"]
[WhiteElo "1707"]
[BlackElo "1856"]
[PlyCount "76"]
[EventDate "2016.10.08"]
[EventType "swiss"]
[EventRounds "9"]
[EventCountry "ESP"]
[SourceTitle "EXT 2018"]
[Source "ChessBase"]
[SourceDate "2017.10.13"]
[SourceVersion "1"]
[SourceVersionDate "2017.10.13"]
[SourceQuality "1"]

1. e4 c5 2. Nc3 d6 3. f4 Nc6 4. Nf3 g6 5. Bb5 Bd7 6. 0-0 Bg7 7. d3 e6 8. Qe1 Nge7 9. a3 Qb6 10. Kh1 0-0-0 11. e5 d5 12. a4 a6 13. Bxc6 Bxc6 14. b3 Nf5 15. Bd2 Qc7 16. Qf2 d4 17. Nd1 Bf8 18. Nb2 Bd5 19. Nc4 Bxc4 20. bxc4 Ne7 21. Rfb1 Nc6 22. Ng5 h6 23. Ne4 Be7 24. Rb2 Rd7 25. Rab1 Qb8 26. Qe1 g5 27. g3 gxf4 28. gxf4 Rf8 29. Rb6 Qa7 30. Qc1 Nb4 31. a5 Bd8 32. Nxc5 Bxb6 33. axb6 Qxb6 34. Nxd7 Qc6+ 35. Kg1 Rg8+ 36. Kf2 Rg2+ 37. Ke1 Rg1+ 38. Ke2 Qg2# 0-1